WAP development with WML and WMLScript / (Record no. 62008)

000 -LEADER
fixed length control field 01374cam a22003254a 4500
001 - CONTROL NUMBER
control field 11997873
003 - CONTROL NUMBER IDENTIFIER
control field NUST-PNEC
005 - DATE AND TIME OF LATEST TRANSACTION
control field 20170116180737.0
008 - FIXED-LENGTH DATA ELEMENTS--GENERAL INFORMATION
fixed length control field 000505s2000 inua 001 0 eng
010 ## - LIBRARY OF CONGRESS CONTROL NUMBER
LC control number 00104240
020 ## - INTERNATIONAL STANDARD BOOK NUMBER
International Standard Book Number 0672319462
020 ## - INTERNATIONAL STANDARD BOOK NUMBER
International Standard Book Number 8176354937
040 ## - CATALOGING SOURCE
Original cataloging agency DLC
Transcribing agency PNEC
Modifying agency DLC
042 ## - AUTHENTICATION CODE
Authentication code pcc
050 00 - LIBRARY OF CONGRESS CALL NUMBER
Classification number TK5105.5865
Item number .F68 2000
082 00 - DEWEY DECIMAL CLASSIFICATION NUMBER
Classification number 005.72 FOR
Edition number 21
100 1# - MAIN ENTRY--PERSONAL NAME
Personal name Forta, Ben.
245 10 - TITLE STATEMENT
Title WAP development with WML and WMLScript /
Statement of responsibility, etc. Ben Forta, with Keith D. Lauver ... [et al.].
260 ## - PUBLICATION, DISTRIBUTION, ETC.
Place of publication, distribution, etc. Indianapolis, IN / New Delhi :
Name of publisher, distributor, etc. SAMS/ Techmedia
Date of publication, distribution, etc. c2000.
300 ## - PHYSICAL DESCRIPTION
Extent xv, 586 p. :
Other physical details ill. ;
Dimensions 23 cm.
500 ## - GENERAL NOTE
General note Includes index.
538 ## - SYSTEM DETAILS NOTE
System details note System requirements for the accompanying CD-ROM: Windows 95/98/NT.
650 #0 - SUBJECT ADDED ENTRY--TOPICAL TERM
Topical term or geographic name entry element Wireless Application Protocol (Computer network protocol)
650 #0 - SUBJECT ADDED ENTRY--TOPICAL TERM
Topical term or geographic name entry element WML (Document markup language)
General subdivision Computer, MIS
650 #0 - SUBJECT ADDED ENTRY--TOPICAL TERM
Topical term or geographic name entry element WMLScript (Computer program language)
856 ## - ELECTRONIC LOCATION AND ACCESS
Uniform Resource Identifier <a href="http://www.amazon.com/WAP-Development-WML-WMLScript-CD-ROM/dp/0672319462/ref=sr_1_1?s=books&ie=UTF8&qid=1417074717&sr=1-1&keywords=WAP+DEVELOPMENT+WITH+WML">http://www.amazon.com/WAP-Development-WML-WMLScript-CD-ROM/dp/0672319462/ref=sr_1_1?s=books&ie=UTF8&qid=1417074717&sr=1-1&keywords=WAP+DEVELOPMENT+WITH+WML</a>
906 ## - LOCAL DATA ELEMENT F, LDF (RLIN)
a 7
b cbc
c orignew
d 2
e epcn
f 20
g y-gencatlg
942 ## - ADDED ENTRY ELEMENTS (KOHA)
Source of classification or shelving scheme
Koha item type Book
Holdings
Withdrawn status Lost status Source of classification or shelving scheme Damaged status Not for loan Permanent Location Current Location Shelving location Date acquired Source of acquisition Cost, normal purchase price Total Checkouts Full call number Barcode Date last seen Cost, replacement price Price effective from Koha item type
          Pakistan Navy Engineering College (PNEC) Pakistan Navy Engineering College (PNEC)   11/06/2001 NUST Recurring A/c 600.00   005.72 FOR PNECLIB-025435 11/27/2014 600.00 11/06/2001 Book
© 2023 Central Library, National University of Sciences and Technology. All Rights Reserved.